| 000 | 01145nas a2200265 i 4500 | ||
|---|---|---|---|
| 001 | 1343 | ||
| 003 | ES-MaACL | ||
| 005 | 20250709054509.0 | ||
| 007 | t| | ||
| 008 | 160704d18501866sp ar p | 1 |spa d | ||
| 040 | _aES-MaACL | ||
| 245 | 0 | 0 |
_aAlmanaque universal : _barreglado según los datos suministrados por el Observatorio Astronómico de Marina en la ciudad de San Fernando, comprende las provincias de Madrid, Toledo, Ciudad-Real, Cuenca y Guadalajara / _cdirigida la parte literaria por Augusto Anguita. |
| 260 |
_aMadrid : _b[s.n.], _c[1850]- _f(Est. tip. de Estrada, Díaz y López) |
||
| 300 |
_a1 volumen : _bilustraciones ; _c20 cm. |
||
| 310 | _aAnual | ||
| 530 | _aDisponible en formato digital | ||
| 655 | 0 |
_aAlmanaques _9241262 |
|
| 700 | 1 |
_aAnguita, Augusto _eclb _9194170 |
|
| 710 | 2 |
_aObservatorio Astronómico de San Fernando. _eisb _9165775 |
|
| 852 | 2 |
_aBA _jFol-Laf-436 _cDEPOF |
|
| 856 | 4 |
_uhttps://prensahistorica.mcu.es/es/consulta/registro.do?id=1029733 _yVersión en línea _z(Biblioteca Virtual de Prensa Histórica) |
|
| 866 | 0 | _o1866. | |
| 942 |
_2udc _cPERIODICA _n0 |
||
| 955 | _bPilar Fernández Vera | ||
| 999 |
_c1343 _d1343 |
||